Rubber red book ; directory of the rubber industry.

1937 includes Bibliography of rubber literature for 1936.

Bibliographic Details
Format: Serial
Language:English
Published: New York, N.Y. : The Rubber age.
Subjects:
Online Availability: Check for online availability

MARC

Tag First Indicator Second Indicator Subfields
LEADER 00000cas a2200000 4500
001 in00000041395
005 20151007072600.0
008 760103c19379999nyugr1 br 0uuua0eng
010 |a  43012783  
012 |a 3  |e n 
022 |a 0361-0640 
035 |a (OCoLC)01910016 
035 |9 AAE8158AM 
040 |a DLC  |c COO  |d NSD  |d MUL  |d DLC  |d TXA  |d UtOrBLW 
042 |a nsdp  |a lc 
049 |a TXAE 
050 0 0 |a TS1877  |b .R85 
082 0 |a 678.058 
222 0 |a Rubber red book 
245 0 0 |a Rubber red book ;  |b directory of the rubber industry. 
264 1 |a New York, N.Y. :  |b The Rubber age. 
300 |a  volumes :  |b illustrations ;  |c 24 cm.  |a biennial. 
336 |a text  |b txt  |2 rdacontent 
337 |a unmediated  |b n  |2 rdamedia 
338 |a volume  |b nc  |2 rdacarrier 
362 0 |a [1st]- 1937- ed. 
520 |a 1937 includes Bibliography of rubber literature for 1936. 
650 0 |a Rubber industry and trade  |x Directories. 
650 0 |a Rubber industry and trade  |x Bibliography. 
730 4 |a The Rubber age. 
999 |a MARS 
999 f f |s eec26021-5679-37a5-ae7f-b11cbb93e57b  |i 17298c89-5d83-3582-8c90-d5e9990813f0  |t 0 
952 f f |p ric  |a Texas A&M University  |b Rellis Campus  |c Joint Library Facility  |d Remote Storage  |t 0  |e TS1877 .R85  |h Library of Congress classification  |i unmediated -- volume  |k 37th  |l 1985  |m A14808351614 
952 f f |p ric  |a Texas A&M University  |b Rellis Campus  |c Joint Library Facility  |d Remote Storage  |t 0  |e TS1877 .R85  |h Library of Congress classification  |i unmediated -- volume  |k 40th  |l 1988  |m A14811251679 
952 f f |p ric  |a Texas A&M University  |b Rellis Campus  |c Joint Library Facility  |d Remote Storage  |t 0  |e TS1877 .R85  |h Library of Congress classification  |i unmediated -- volume  |k 38th  |l 1986  |m A14809351007 
952 f f |p ric  |a Texas A&M University  |b Rellis Campus  |c Joint Library Facility  |d Remote Storage  |t 0  |e TS1877 .R85  |h Library of Congress classification  |i unmediated -- volume  |k 36th  |l 1984  |m A14807873558 
952 f f |p ric  |a Texas A&M University  |b Rellis Campus  |c Joint Library Facility  |d Remote Storage  |t 0  |e TS1877 .R85  |h Library of Congress classification  |i unmediated -- volume  |k 44th ed.  |l 1992  |m A14815958914 
952 f f |p ric  |a Texas A&M University  |b Rellis Campus  |c Joint Library Facility  |d Remote Storage  |t 0  |e TS1877 .R85  |h Library of Congress classification  |i unmediated -- volume  |k 41st  |l 1989  |m A14811283286 
952 f f |p ric  |a Texas A&M University  |b Rellis Campus  |c Joint Library Facility  |d Remote Storage  |t 0  |e TS1877 .R85  |h Library of Congress classification  |i unmediated -- volume  |k 43rd  |l 1991  |m A14814711034 
952 f f |p ric  |a Texas A&M University  |b Rellis Campus  |c Joint Library Facility  |d Remote Storage  |t 0  |e TS1877 .R85  |h Library of Congress classification  |i unmediated -- volume  |k 39th  |l 1987  |m A14810967625 
998 f f |a TS1877 .R85  |s 44th (1992)  |t 0  |l Remote Storage